Topological vector spaces
Gespeichert in:
| 1. Verfasser: | |
|---|---|
| Format: | Buch |
| Sprache: | Englisch |
| Veröffentlicht: |
Bucarest
Academiei
1977
|
| Schlagworte: | |
| Tags: |
Tag hinzufügen
Keine Tags, Fügen Sie den ersten Tag hinzu!
|
MARC
| LEADER | 00000nam a2200000 a 4500 | ||
|---|---|---|---|
| 001 | UCQ9598 | ||
| 003 | CL-VaPUC | ||
| 008 | 990112e19770000RM |||||||||||||||||eng|d | ||
| 082 | 0 | 4 | |a 515.73 |b CRI |2 21 |
| 100 | 0 | |a Cristescu, Romulus |e author |9 424245 | |
| 245 | 1 | 0 | |a Topological vector spaces |
| 300 | |a 232 p | ||
| 942 | |c BK | ||
| 945 | |d 19990112 00:00:00 |a crobeson | ||
| 260 | |a Bucarest |b Academiei |c 1977 | ||
| 650 | 0 | |a Espacios vectoriales topológicos |9 424115 | |
| 650 | 0 | |a Espacios vectoriales |9 21 | |
| 583 | |a last modification |c 19990112 00:00:00 |k Rodrigo Vera | ||
| 999 | |c 278591 |d 278589 | ||
| 952 | |0 0 |1 0 |4 0 |6 515_730000000000000_CRI_1977 |7 0 |8 A |9 317224 |a BIBMAT |b BIBMAT |d 2019-11-20 |i 1316664 |o 515.73 CRI 1977 |p 1316664 |r 2025-01-07 |w 2019-11-20 |y BK |k MAT | ||